3 najludniejsze miasta Ameryki Północnej według państwa - Statystyki

Ogólne statystyki
  • Ten quiz został rozwiązany 136 razy
  • Średni wynik to 18 z 69
Statystyki odpowiedzi
Państwo Populacja Miasto % Poprawnych
Stany Zjednoczone 8.340.000 Nowy Jork
94%
3.980.000 Los Angeles
88%
Meksyk 8.550.000 Meksyk
86%
Kuba 2.130.000 Hawana
79%
Kanada 2.730.000 Toronto
76%
Panama 430.000 Panamá
70%
2.690.000 Chicago
67%
Jamajka 580.000 Kingston
66%
Saint Vincent i Grenadyny 25.000 Kingstown
66%
Gwatemala 960.000 Gwatemala
63%
1.700.000 Montreal
63%
Dominikana 2.580.000 Santo Domingo
61%
Salwador 320.000 San Salvador
57%
Bahamy 250.000 Nassau
55%
Kostaryka 1.890.000 San José
55%
Haiti 880.000 Port-au-Prince
51%
40.000 Port-of-Spain
50%
Nikaragua 990.000 Managua
49%
Honduras 1.090.000 Tegucigalpa
48%
10.000 Belmopan
45%
1.500.000 Guadalajara
44%
Barbados 90.000 Bridgetown
38%
Antigua i Barbuda 25.000 Saint John's
37%
1.240.000 Calgary
35%
Dominika 15.000 Roseau
35%
Saint Lucia 10.000 Castries
32%
Grenada 5.000 Saint George’s
32%
Belize 50.000 Belize City
29%
Saint Kitts i Nevis 10.000 Basseterre
28%
550.000 Santiago
28%
420.000 Santiago de Cuba
18%
1.000 Georgetown
12%
1.650.000 Ecatepec
10%
160.000 León
10%
640.000 San Pedro Sula
9%
200.000 Santa Ana
8%
300.000 Camagüey
7%
50.000 San Fernando
6%
430.000 Carrefour
5%
Trynidad i Tobago 80.000 Chaguanas
5%
180.000 Portmore
5%
3.000 Canefield
4%
180.000 Cartago
4%
2.000 Charlestown
4%
30.000 Freeport
4%
2.000 Grenville
4%
300.000 Grenville
4%
1.000 Holetown
4%
110.000 Masaya
4%
4.000 Portsmouth
4%
4.000 All Saints
3%
5.000 Babonneau
3%
7.000 Bexon
3%
220.000 Choloma
3%
360.000 Delmas
3%
3.000 Gouyave
3%
280.000 Heredia
3%
15.000 Kingstown Park
3%
130.000 Las Cumbres
3%
3.000 Liberta
3%
220.000 Los Alcarrizos
3%
1.000 Saddlers
3%
15.000 San Ignacio
3%
320.000 San Miguelito
3%
240.000 Soyapango
3%
150.000 Spanish Town
3%
2.000 Speightstown
3%
220.000 Villa Nueva
3%
15.000 West End
3%
Nie znaleziono quizów pasujących do podanych kryteriów
Rozkład punktacji
Procent ludzi z każdym wynikiem
Percentyl według liczby udzielonych odpowiedzi
Twoja historia wyników
Nie rozwiązałeś tego quizu